000
00328 a2200157 4500
001
62619
020
_a
040
_c
Anchieta - Pituba
100
_a
Gouveia, Luis Augusto
240
1
0
_a
Sonhos de Ícaro
_l
por
245
1
0
_a
Sonhos de Ícaro
300
_a
33
362
0
_a
2001
650
4
_a
Literatura juvenil
942
_c
BK
999
_c
62619
_d
62619